00277nam a2200097Ia 4500008004100000082001200041100002200053245008500075260000900160300001000169190415s9999 xx 000 0 und d aRG.0056 aGopala Pillai, P. 0aPsycho-social consequences of prolonged unemployment : A study with special refe c1977 a119p.